000 00357nam a22001337a 4500
008 230619b xxu||||| |||| 00| 0 eng d
020 _a0435940015
082 _a299.6
_bMBI
100 _cJohn S. Mbithi
245 _aIntroduction to African Religion
260 _aNairobi,Kenya
_bHeinemann Educational Books Ltd
_c1975
300 _aVI,211p
942 _2ddc
_cBK
999 _c1279
_d1279